| 000 | 01457nab a22002417a 4500 | ||
|---|---|---|---|
| 999 |
_c5359 _d5359 |
||
| 003 | OSt | ||
| 005 | 20250225210446.0 | ||
| 008 | 190603e xxum|||| |||| 00| 0 spa d | ||
| 040 | _cPJ-TDF | ||
| 100 |
_96394 _aGonzález, María Laura |
||
| 245 | 1 | 0 |
_aDerecho de la vejez y litigación judicial. Problemáticas y reflexiones con relación a los reclamos judiciales de cobertura asistencial de internaciones geriátricas / _cMaría Laura González, Martín P. Labombarda. |
| 260 |
_cCiudad Autónoma de Buenos Aires : _aThomson Reuters La Ley, _b2024. |
||
| 300 | _ap. 20-26 | ||
| 500 | _aCita: TR LALEY AR/DOC/2770/2024. | ||
| 505 | _aSumario: I. Introducción.— II. Breves consideraciones sobre el marco normativo referencial.— III. Consideraciones generales sobre la judicialización en materia de ancianidad.— IV. Desarrollo de la problemática y una propuesta de reflexión acerca de la implementación jurisprudencial de pautas alternativas de cobertura.— V. Conclusiones preliminares. | ||
| 505 | _t¿Te interesa el texto completo? Solicitalo al correo: koha@justierradelfuego.gov.ar | ||
| 650 | 0 |
_91253 _aDERECHO A LA SALUD |
|
| 650 | 0 |
_94613 _aCOBERTURA MEDICA |
|
| 650 | 0 |
_95306 _aDERECHOS HUMANOS DE LOS ANCIANOS |
|
| 700 |
_96395 _aLabombarda, P. Martín |
||
| 773 | 0 |
_02713 _93170 _dCiudad Autónoma de Buenos Aires : Thomson Reuters La Ley, 2015- _tRevista Código Civil y Comercial. Nº 6 - Diciembre 2024 |
|
| 942 |
_2udc _cANA |
||